000 00893nam a2200229 a 4500
001 38352
003 BD-RjUL
005 20250519123908.0
008 160501r19831979bg a|||| b||| 00| 0 ben d
035 _a(BD-RjUL)38352
040 _aBD-RjUL
_bben
_cBD-RjUL
041 _aben
082 _a150
_bALA 1983
_223
100 _aআলী , মোহাম্মদ রওশন
_9118526
245 1 0 _aআধুনিক মনোবিজ্ঞান /
_cমোহাম্মদ রওশন আলী
260 _aঢাকা :
_bমল্লিক ব্রাদার্স,
_c১৯৭৯,[র্মুদ্রণ ১৯৮৩]
300 _a[vi], ৩৭৭ পৃ. :
_bচিত্র;
_c২১ সেমি.
504 _aগ্রন্থপঞ্জি সংযুক্ত
650 _aমনোবিজ্ঞান
_9118527
650 _aPsychology
_9118528
942 _2ddc
_cBK
999 _c38352
_d38352